| 000 | 00694nam a22002297a 4500 | ||
|---|---|---|---|
| 003 | 0 | ||
| 005 | 20250324164956.0 | ||
| 008 | 250324b xxu||||| |||| 00| 0 eng d | ||
| 020 | _a9781774697719 | ||
| 050 |
_aHF 5601 _b.St77 2024 |
||
| 100 | _aStruik, Jeff | ||
| 245 |
_aAccouting information systems _cJeff Struik |
||
| 260 |
_aCanada _bToronto Academic Press _c2024 |
||
| 300 |
_axi, 232 pages ; _c25cm. |
||
| 504 | _aIncludes index. | ||
| 650 | _aAccounting—Data processing. | ||
| 650 | _aInformation technology—Accounting. | ||
| 650 | _aDatabase management. | ||
| 650 | _aFinancial reporting—Data processing. | ||
| 650 | _aAuditing—Data processing. | ||
| 942 |
_2lcc _cBK |
||
| 999 |
_c367333 _d367333 |
||